[Event "RSA Inter Regional-ch"]
[Site "Boksburg"]
[Date "2018.12.11"]
[Round "6.1"]
[White "Mosetlhe, Kgaugelo"]
[Black "Ristovich, Dmitar S"]
[Result "1/2-1/2"]
[WhiteElo "2243"]
[BlackElo "2026"]
[PlyCount "58"]
[EventDate "2018.01.09"]
[EventType "team-swiss"]
[EventRounds "7"]
[EventCountry "RSA"]
[SourceTitle "CBM 189 Extra"]
[Source "ChessBase"]
[SourceDate "2019.06.03"]
[SourceVersion "1"]
[SourceVersionDate "2019.06.03"]
[SourceQuality "1"]
[WhiteTeam "Tshwane"]
[BlackTeam "Tshwane Chess II"]
[WhiteTeamCountry "RSA"]
[BlackTeamCountry "RSA"]

1. Nf3 c5 2. c4 Nc6 3. Nc3 e5 4. e3 f5 5. d3 Nf6 6. Be2 g6 7. a3 a5 8. Nb5 d6 9. d4 Bg7 10. dxe5 dxe5 11. Qxd8+ Kxd8 12. Bd2 Ne4 13. Rd1 Ke7 14. Nc7 Rb8 15. Nd5+ Kf7 16. Bc1 Be6 17. Bd3 h6 18. Bxe4 fxe4 19. Nd2 Bg4 20. f3 exf3 21. gxf3 Bh5 22. 0-0 Rhf8 23. Ne4 Kg8 24. Kg2 g5 25. Nxc5 e4 26. Nxe4 Ne5 27. Nd2 Rf7 28. h4 Rbf8 29. hxg5 hxg5 1/2-1/2

[Event "RSA Inter Regional-ch"]
[Site "Boksburg"]
[Date "2018.01.10"]
[Round "3.1"]
[White "Mosetlhe, Kgaugelo"]
[Black "Makoto, Rodwell"]
[Result "1/2-1/2"]
[WhiteElo "2243"]
[BlackElo "2371"]
[PlyCount "51"]
[EventDate "2018.01.09"]
[EventType "team-swiss"]
[EventRounds "7"]
[EventCountry "RSA"]
[SourceTitle "CBM 189 Extra"]
[Source "ChessBase"]
[SourceDate "2019.06.03"]
[SourceVersion "1"]
[SourceVersionDate "2019.06.03"]
[SourceQuality "1"]
[WhiteTeam "Tshwane"]
[BlackTeam "JHB Metro Lions"]
[WhiteTeamCountry "RSA"]
[BlackTeamCountry "RSA"]

1. Nf3 d5 2. c4 d4 3. g3 Nc6 4. Bg2 e5 5. d3 Nf6 6. 0-0 Bd6 7. e3 0-0 8. exd4 exd4 9. a3 a5 10. Bg5 h6 11. Bxf6 Qxf6 12. Nbd2 Qd8 13. Qc2 Be6 14. Rfe1 Qd7 15. Nb3 Be7 16. Ne5 Nxe5 17. Rxe5 a4 18. Nc5 Bxc5 19. Rxc5 Ra7 20. Re1 b6 21. Rce5 c5 22. Qe2 b5 23. Rxc5 bxc4 24. dxc4 d3 25. Qe3 Rb8 26. Bd5 1/2-1/2

[Event "RSA-ch"]
[Site "Cape Town"]
[Date "2017.12.14"]
[Round "6"]
[White "Mabusela, Johannes Manyedi"]
[Black "Mosetlhe, Kgaugelo"]
[Result "1/2-1/2"]
[WhiteElo "2213"]
[BlackElo "2228"]
[PlyCount "20"]
[EventDate "2017.12.09"]
[EventType "tourn"]
[EventRounds "11"]
[EventCountry "RSA"]
[SourceTitle "CBM 182 Extra"]
[Source "ChessBase"]
[SourceDate "2018.02.23"]
[SourceVersion "1"]
[SourceVersionDate "2018.02.23"]
[SourceQuality "1"]

1. d4 d5 2. c4 c6 3. Nf3 Nf6 4. Nc3 e6 5. cxd5 exd5 6. Bg5 Be7 7. Qc2 g6 8. e3 Bf5 9. Bd3 Bxd3 10. Qxd3 Nbd7 1/2-1/2

[Event "RSA-ch"]
[Site "Cape Town"]
[Date "2017.12.10"]
[Round "2"]
[White "Ovcina, Dennis"]
[Black "Mosetlhe, Kgaugelo"]
[Result "1/2-1/2"]
[WhiteElo "2164"]
[BlackElo "2228"]
[PlyCount "65"]
[EventDate "2017.12.09"]
[EventType "tourn"]
[EventRounds "11"]
[EventCountry "RSA"]
[SourceTitle "CBM 182 Extra"]
[Source "ChessBase"]
[SourceDate "2018.02.23"]
[SourceVersion "1"]
[SourceVersionDate "2018.02.23"]
[SourceQuality "1"]

1. Nf3 Nf6 2. c4 e6 3. g3 d5 4. Bg2 Be7 5. 0-0 0-0 6. b3 b6 7. Bb2 Bb7 8. Ne5 Qc8 9. cxd5 Bxd5 10. Nf3 c5 11. d3 Rd8 12. Nbd2 Nbd7 13. e4 Bc6 14. Qe2 Qa6 15. Nc4 Rac8 16. a4 Ba8 17. Bc3 Nb8 18. Nfe5 Nc6 19. Nxc6 Bxc6 20. f4 b5 21. axb5 Qxb5 22. Rxa7 Qxb3 23. Bxf6 Bxf6 24. e5 Bxg2 25. Kxg2 Rxd3 26. Nd6 Qd5+ 27. Kh3 Rf8 28. Rc1 Bd8 29. Qe4 f6 30. Qxd5 Rxd5 31. Nc4 fxe5 32. Nxe5 g5 33. Ng4 1/2-1/2

[Event "Africa KCF Inv tt"]
[Site "Brakpan"]
[Date "2017.10.08"]
[Round "7.1"]
[White "Oatlhotse, Providence"]
[Black "Mosetlhe, Kgaugelo"]
[Result "0-1"]
[WhiteElo "2197"]
[BlackElo "2197"]
[PlyCount "142"]
[EventDate "2017.10.05"]
[EventType "team-tourn"]
[EventRounds "7"]
[EventCountry "RSA"]
[SourceTitle "CBM 181 Extra"]
[Source "ChessBase"]
[SourceDate "2017.12.12"]
[SourceVersion "1"]
[SourceVersionDate "2017.12.12"]
[SourceQuality "1"]
[WhiteTeam "RSA Inv"]
[BlackTeam "ChessExcellence II"]
[WhiteTeamCountry "RSA"]
[BlackTeamCountry "RSA"]

1. d4 Nf6 2. c4 e6 3. Nf3 d5 4. Nc3 Bb4 5. e3 0-0 6. Bd3 c5 7. 0-0 cxd4 8. exd4 dxc4 9. Bxc4 Bxc3 10. bxc3 Qc7 11. Qe2 b6 12. Bg5 Nbd7 13. Rac1 Bb7 14. Bd3 Rfe8 15. Rfe1 Nd5 16. Qe4 Nf8 17. Qh4 Ne7 18. Bf4 Qd8 19. Qg3 Neg6 20. Bc7 Qd7 21. Ng5 Rac8 22. Bd6 Red8 23. Ba3 Qc7 24. Ne4 Qxg3 25. hxg3 Ne5 26. Bb5 Bxe4 27. Rxe4 Nc4 28. Be7 Nd6 29. Re5 f6 30. Rh5 g6 31. Ba6 gxh5 32. Bxc8 Rxc8 33. Bxd6 Rc4 34. Kf1 Nd7 35. Ke2 Kf7 36. Kd3 b5 37. Rh1 Kg6 38. Re1 Kf5 39. Rh1 Kg6 40. Re1 Kf5 41. f3 Nb6 42. Rh1 Nd5 43. Bb4 Nxb4+ 44. cxb4 Rxb4 45. Rxh5+ Kg6 46. Rc5 Rb2 47. Rc2 Rxc2 48. Kxc2 Kf7 49. g4 Ke7 50. Kd3 Kd6 51. Ke4 a5 52. a3 b4 53. a4 h6 54. f4 f5+ 55. gxf5 exf5+ 56. Ke3 h5 57. g3 Kd5 58. Kd3 b3 59. Kc3 b2 60. Kxb2 Kxd4 61. Kb3 Kd3 62. Kb2 Kc4 63. Kc2 Kb4 64. Kd3 Kxa4 65. Kc4 Ka3 66. Kc3 a4 67. Kc2 Kb4 68. Kb2 Kc4 69. Ka3 Kd4 70. Kxa4 Ke3 71. Kb4 Kf3 0-1

[Event "RSA-chT Inter Provincial"]
[Site "Bloemfontein"]
[Date "2017.09.02"]
[Round "5.3"]
[White "Mbedza, Richard"]
[Black "Mosetlhe, Kgaugelo"]
[Result "0-1"]
[WhiteElo "1982"]
[BlackElo "2189"]
[PlyCount "27"]
[EventDate "2017.08.31"]
[EventType "team-swiss"]
[EventRounds "6"]
[EventCountry "RSA"]
[SourceTitle "CBM 180 Extra"]
[Source "ChessBase"]
[SourceDate "2017.10.06"]
[SourceVersion "1"]
[SourceVersionDate "2017.10.06"]
[SourceQuality "1"]
[WhiteTeam "Limpopo"]
[BlackTeam "Gauteng"]
[WhiteTeamCountry "RSA"]
[BlackTeamCountry "RSA"]

1. e4 e5 2. Nf3 Nc6 3. Bc4 Bc5 4. c3 Nf6 5. d4 exd4 6. e5 d5 7. Bb5 Ne4 8. cxd4 Bb6 9. Nc3 0-0 10. h3 f6 11. exf6 Nxc3 12. bxc3 Qxf6 13. Kf1 Bf5 14. Bd3 0-1

[Event "Johannesburg PSS IM"]
[Site "Johannesburg"]
[Date "2017.04.28"]
[Round "5"]
[White "Mosetlhe, Kgaugelo"]
[Black "Klaasen, Calvin Jong"]
[Result "1-0"]
[WhiteElo "2162"]
[BlackElo "2226"]
[PlyCount "77"]
[EventDate "2017.04.26"]
[EventType "tourn"]
[EventRounds "9"]
[EventCountry "RSA"]
[EventCategory "4"]
[SourceTitle "CBM 178 Extra"]
[Source "ChessBase"]
[SourceDate "2017.06.22"]
[SourceVersion "1"]
[SourceVersionDate "2017.06.22"]
[SourceQuality "1"]

1. c4 Nf6 2. g3 e6 3. Bg2 d5 4. Nf3 Be7 5. d4 0-0 6. 0-0 c6 7. Qc2 b6 8. Nbd2 Bb7 9. e4 Na6 10. e5 Nd7 11. a3 c5 12. dxc5 Naxc5 13. b4 Ne4 14. cxd5 Nxd2 15. Nxd2 Nxe5 16. d6 Bxg2 17. dxe7 Qd5 18. exf8Q+ Rxf8 19. f3 Bxf1 20. Kxf1 Nxf3 21. Nxf3 Qxf3+ 22. Kg1 Rd8 23. Bf4 h6 24. a4 g5 25. Rf1 Qg4 26. Be3 Rd5 27. Qc8+ Kg7 28. Qc3+ Kg8 29. a5 bxa5 30. bxa5 a6 31. Qc8+ Kg7 32. Qxa6 Qe4 33. Qa7 Rd7 34. Qxd7 Qxe3+ 35. Rf2 Qe1+ 36. Kg2 Qe4+ 37. Kh3 g4+ 38. Kh4 Qg6 39. Qxf7+ 1-0

[Event "Johannesburg PSS IM"]
[Site "Johannesburg"]
[Date "2017.04.27"]
[Round "3"]
[White "Mosetlhe, Kgaugelo"]
[Black "Grover, Sahaj"]
[Result "0-1"]
[WhiteElo "2162"]
[BlackElo "2473"]
[PlyCount "122"]
[EventDate "2017.04.26"]
[EventType "tourn"]
[EventRounds "9"]
[EventCountry "RSA"]
[EventCategory "4"]
[SourceTitle "CBM 178 Extra"]
[Source "ChessBase"]
[SourceDate "2017.06.22"]
[SourceVersion "1"]
[SourceVersionDate "2017.06.22"]
[SourceQuality "1"]

1. d4 Nf6 2. c4 e6 3. g3 d5 4. Nf3 dxc4 5. Qa4+ Nbd7 6. Bg2 a6 7. Qxc4 b5 8. Qc6 Ra7 9. Bf4 Bb7 10. Qc1 c5 11. a4 cxd4 12. 0-0 Bc5 13. Nbd2 Bd5 14. b4 Bxb4 15. axb5 Qa8 16. Nc4 0-0 17. b6 Rb7 18. Bc7 Rc8 19. Ra4 Bxc4 20. Rxb4 Bxe2 21. Nxd4 Bxf1 22. Bxb7 Qxb7 23. Qc6 Qxc6 24. Nxc6 Nd5 25. b7 Re8 26. Kxf1 Nxb4 27. Nxb4 Nb8 28. Nd3 a5 29. Nc5 a4 30. Nxa4 Na6 31. Bd6 Rd8 32. Nc5 Nxc5 33. b8Q Rxb8 34. Bxb8 f6 35. g4 Kf7 36. Ke2 e5 37. Ke3 Ne6 38. Bd6 Nf4 39. Ke4 Ke6 40. Bb4 h5 41. gxh5 Nxh5 42. f3 Nf4 43. Bf8 g6 44. Bh6 Nh3 45. Bd2 f5+ 46. Ke3 f4+ 47. Ke2 Kf5 48. Bc3 e4 49. fxe4+ Kxe4 50. Ba5 Ng5 51. Kf2 Nf3 52. h3 Ng5 53. Kg2 Ke3 54. Bb6+ Ke2 55. Ba7 Nf3 56. Bb6 Nh4+ 57. Kh2 Nf5 58. Bg1 f3 59. h4 f2 60. Bxf2 Kxf2 61. Kh3 Kf3 0-1

[Event "Johannesburg PSS Prestige op"]
[Site "Johannesburg"]
[Date "2017.04.22"]
[Round "2"]
[White "Grover, Sahaj"]
[Black "Mosetlhe, Kgaugelo"]
[Result "1-0"]
[WhiteElo "2473"]
[BlackElo "2162"]
[PlyCount "75"]
[EventDate "2017.04.22"]
[EventType "swiss (rapid)"]
[EventRounds "10"]
[EventCountry "RSA"]
[SourceTitle "CBM 177 Extra"]
[Source "ChessBase"]
[SourceDate "2017.04.27"]
[SourceVersion "1"]
[SourceVersionDate "2017.04.27"]
[SourceQuality "1"]

1. e4 e5 2. Nf3 Nc6 3. Nc3 Nf6 4. Bb5 Nd4 5. Bc4 Bc5 6. d3 d6 7. h3 c6 8. Nxd4 Bxd4 9. Ne2 Bb6 10. Ng3 h6 11. Qf3 Qe7 12. a4 Be6 13. Nf5 Bxf5 14. Qxf5 a6 15. 0-0 0-0 16. Bd2 Rad8 17. Rae1 Nh7 18. Kh2 Qf6 19. Qxf6 Nxf6 20. f4 exf4 21. Bxf4 Nh5 22. Be3 Bc7 23. Kg1 d5 24. exd5 cxd5 25. Bb3 Ng3 26. Rf3 Rfe8 27. Kf2 f5 28. Rxg3 f4 29. Bxf4 Rf8 30. Rf3 Rxf4 31. Re7 Bb6+ 32. Kg3 Rxf3+ 33. Kxf3 Rf8+ 34. Kg4 g6 35. Bxd5+ Kh8 36. Rxb7 h5+ 37. Kg5 Bd8+ 38. Kh6 1-0

[Event "Johannesburg PSS Prestige op"]
[Site "Johannesburg"]
[Date "2017.04.22"]
[Round "4"]
[White "Oberholzer, Francois"]
[Black "Mosetlhe, Kgaugelo"]
[Result "1/2-1/2"]
[WhiteElo "2034"]
[BlackElo "2162"]
[PlyCount "117"]
[EventDate "2017.04.22"]
[EventType "swiss (rapid)"]
[EventRounds "10"]
[EventCountry "RSA"]
[SourceTitle "CBM 177 Extra"]
[Source "ChessBase"]
[SourceDate "2017.04.27"]
[SourceVersion "1"]
[SourceVersionDate "2017.04.27"]
[SourceQuality "1"]

1. e4 e5 2. Nf3 Nc6 3. Bb5 a6 4. Ba4 Nf6 5. d3 b5 6. Bb3 Be7 7. a4 Bb7 8. 0-0 0-0 9. Re1 h6 10. c3 Re8 11. d4 d6 12. Nbd2 Bf8 13. Bc2 Nb8 14. Bd3 c6 15. Nf1 Nbd7 16. Ng3 g6 17. Bc2 c5 18. d5 c4 19. h4 Nc5 20. h5 Bg7 21. hxg6 fxg6 22. Nh4 Kh7 23. Be3 Ncd7 24. Nf1 Nf8 25. g3 Qd7 26. f3 Reb8 27. Re2 Bc8 28. Rh2 Qf7 29. Qd2 h5 30. Bg5 Kg8 31. Ne3 N6h7 32. Nd1 Nxg5 33. Qxg5 Bf6 34. Qe3 Nh7 35. Ng2 Bd8 36. Kh1 Bb6 37. Qe2 Ng5 38. f4 Bg4 39. Qf1 Nf3 40. Nde3 Nxh2 41. Kxh2 exf4 42. gxf4 Bxe3 43. Nxe3 Qf6 44. Qf2 g5 45. Rf1 Qxf4+ 46. Qxf4 gxf4 47. Nxg4 hxg4 48. Rxf4 bxa4 49. Bxa4 Rxb2+ 50. Kg3 Ra7 51. Rf6 Re2 52. Rxd6 Rxe4 53. Rc6 Re3+ 54. Kxg4 Rxc3 55. d6 Rg7+ 56. Kf4 Rd3 57. Rxa6 c3 58. Bb3+ Rf7+ 59. Bxf7+ 1/2-1/2

[Event "Boksburg Inter Region-ch"]
[Site "Boksburg"]
[Date "2016.12.20"]
[Round "1.1"]
[White "Mosetlhe, Kgaugelo"]
[Black "Fourie, Louhan"]
[Result "1-0"]
[WhiteElo "2180"]
[BlackElo "1548"]
[PlyCount "134"]
[EventDate "2016.12.20"]
[EventType "team-swiss"]
[EventRounds "7"]
[EventCountry "RSA"]
[SourceTitle "CBM 176 Extra"]
[Source "ChessBase"]
[SourceDate "2017.03.02"]
[SourceVersion "1"]
[SourceVersionDate "2017.03.02"]
[SourceQuality "1"]
[WhiteTeam "Barbarians"]
[BlackTeam "Beliebers"]
[WhiteTeamCountry "RSA"]
[BlackTeamCountry "RSA"]

1. d4 Nf6 2. c4 g6 3. Nc3 Bg7 4. e4 d6 5. Be2 0-0 6. Nf3 Nbd7 7. 0-0 e5 8. Re1 Re8 9. Bf1 exd4 10. Nxd4 Nc5 11. f3 Ne6 12. Nxe6 Bxe6 13. Bg5 Qd7 14. Qd2 Qc6 15. Nd5 Bxd5 16. cxd5 Qd7 17. Rac1 Rac8 18. Qb4 c5 19. dxc6 bxc6 20. Red1 c5 21. Qd2 Red8 22. Qa5 h6 23. Bh4 g5 24. Bg3 Nh5 25. Bf2 Bxb2 26. Rxc5 Rxc5 27. Bxc5 Be5 28. Bd4 Bxd4+ 29. Rxd4 Ng7 30. Ra4 Ra8 31. Bc4 Rc8 32. h3 Rc7 33. Rb4 Qc6 34. Kh2 Qc5 35. Qxc5 dxc5 36. Ra4 Nh5 37. Ra6 Kg7 38. Rd6 Nf4 39. a4 Ng6 40. Rd5 f6 41. g3 Ne5 42. Be2 Rd7 43. Rxd7+ Nxd7 44. Kg2 Ne5 45. Kf2 Kf7 46. f4 Nd7 47. Ke3 Ke7 48. Kd3 Kd6 49. Kc4 Kc6 50. a5 Kd6 51. Bd1 Nb8 52. Ba4 gxf4 53. gxf4 Na6 54. h4 Nc7 55. e5+ fxe5 56. fxe5+ Kxe5 57. Kxc5 Ne6+ 58. Kb5 Kd6 59. Bd1 Nc7+ 60. Kc4 Kc6 61. Bf3+ Kd6 62. Be2 Kc6 63. Kd4 Kd6 64. Ke4 Ke6 65. Bg4+ Kf6 66. Kd4 Ne6+ 67. Kd5 Nf4+ 1-0

[Event "Johannesburg Tsogo Sun op"]
[Site "Johannesburg"]
[Date "2015.07.16"]
[Round "3"]
[White "Khumalo, Keith"]
[Black "Mosetlhe, Kgaugelo"]
[Result "0-1"]
[WhiteElo "1536"]
[BlackElo "2164"]
[PlyCount "56"]
[EventDate "2015.07.15"]
[EventType "swiss"]
[EventRounds "9"]
[EventCountry "RSA"]
[SourceTitle "CBM 167 Extra"]
[Source "ChessBase"]
[SourceDate "2015.09.14"]
[SourceVersion "1"]
[SourceVersionDate "2015.09.14"]
[SourceQuality "1"]

1. d4 Nf6 2. e3 c5 3. c3 b6 4. f4 Bb7 5. Nf3 Qc7 6. Bd3 e6 7. 0-0 Be7 8. Ne5 d6 9. Nf3 Nbd7 10. Nbd2 Nd5 11. Ne4 0-0 12. Neg5 N5f6 13. Qc2 h6 14. Nh3 e5 15. fxe5 dxe5 16. Bc4 cxd4 17. cxd4 Rac8 18. dxe5 Nxe5 19. Nxe5 Qxe5 20. Qe2 Bd6 21. g3 Qe4 22. Ba6 Qh1+ 23. Kf2 Qxh2+ 24. Ke1 Qxg3+ 25. Nf2 Bb4+ 26. Bd2 Bxa6 27. Qxa6 Qxe3+ 28. Qe2 Bxd2+ 0-1

[Event "Johannesburg Tsogo Sun op"]
[Site "Johannesburg"]
[Date "2015.07.16"]
[Round "2"]
[White "Xulu, Lethukuthula"]
[Black "Mosetlhe, Kgaugelo"]
[Result "0-1"]
[WhiteElo "1939"]
[BlackElo "2164"]
[PlyCount "88"]
[EventDate "2015.07.15"]
[EventType "swiss"]
[EventRounds "9"]
[EventCountry "RSA"]
[SourceTitle "CBM 167 Extra"]
[Source "ChessBase"]
[SourceDate "2015.09.14"]
[SourceVersion "1"]
[SourceVersionDate "2015.09.14"]
[SourceQuality "1"]

1. Nf3 Nf6 2. d4 g6 3. g3 Bg7 4. Bg2 0-0 5. 0-0 d6 6. c4 Nfd7 7. Nc3 e5 8. dxe5 dxe5 9. Qc2 c6 10. Rd1 Qe7 11. a3 a5 12. Ne4 f5 13. Bg5 Qe6 14. Nd6 e4 15. Ne1 Na6 16. Rac1 Ndc5 17. f3 Be5 18. Nxc8 Raxc8 19. Be3 a4 20. Bh3 Nb3 21. Rb1 exf3 22. Nxf3 Bxb2 23. Bf2 Bg7 24. e4 Rce8 25. Re1 Qf7 26. e5 Nac5 27. Bf1 Qe7 28. Be3 Kh8 29. Bg5 Qf7 30. Rbd1 Ne4 31. Bf4 Qe7 32. Rxe4 fxe4 33. Qxe4 Nc5 34. Qe2 Ne6 35. Be3 Qxa3 36. Rd6 c5 37. Bh3 Nd4 38. Nxd4 cxd4 39. Rxd4 Rxe5 40. Rd3 Qa1+ 41. Kg2 a3 42. Bg4 a2 43. Ra3 Rxe3 44. Rxe3 Qb2 0-1

[Event "Centurion Capablanca IM"]
[Site "Centurion"]
[Date "2014.05.03"]
[Round "8"]
[White "Mosetlhe, Kgaugelo"]
[Black "Mwali, Chitumbo"]
[Result "1-0"]
[WhiteElo "2143"]
[BlackElo "2248"]
[PlyCount "158"]
[EventDate "2014.04.25"]
[EventType "tourn"]
[EventRounds "9"]
[EventCountry "RSA"]
[SourceTitle "CBM 160 Extra"]
[Source "ChessBase"]
[SourceDate "2014.07.01"]
[SourceVersion "1"]
[SourceVersionDate "2014.07.01"]
[SourceQuality "1"]

1. Nf3 Nf6 2. c4 e6 3. b3 d5 4. Bb2 c5 5. e3 Nc6 6. g3 d4 7. exd4 cxd4 8. d3 e5 9. a3 a5 10. Bg2 Bd6 11. 0-0 0-0 12. Nbd2 Bf5 13. Qc2 Nd7 14. Ne4 Be7 15. Nfd2 Bg6 16. f4 f5 17. Nf2 exf4 18. gxf4 Nf6 19. Nf3 Bd6 20. Bc1 Qb6 21. Nh4 Ne7 22. Bd2 Qc7 23. Nh3 Ng4 24. Kh1 Bh5 25. Rae1 Bxa3 26. Ng5 Rf6 27. Qa2 Qc5 28. Ne6 Rxe6 29. Rxe6 Bf7 30. Ree1 Nc6 31. Bh3 Bb4 32. Ng2 Qd6 33. Bxb4 Nxb4 34. Qd2 Be8 35. Bxg4 fxg4 36. f5 Qf6 37. Re6 Qf7 38. Re4 Qh5 39. Rxd4 Bc6 40. Kg1 Bf3 41. Ne1 Nc6 42. Rf4 Re8 43. Nxf3 gxf3 44. R4xf3 Nd4 45. R3f2 Re5 46. Kh1 Qh3 47. Qf4 Qe3 48. f6 Qxf4 49. Rxf4 Nxb3 50. d4 Re2 51. fxg7 a4 52. Rg1 Re8 53. d5 Nc5 54. h4 Nd7 55. Kh2 a3 56. Rf3 Ra8 57. Ra1 Kxg7 58. Raxa3 Rc8 59. Rf4 Ne5 60. Rg3+ Kh6 61. d6 Rd8 62. c5 Nd7 63. Kh3 Rc8 64. Rf7 Ne5 65. Rf6+ Ng6 66. Rf5 Re8 67. h5 Nf8 68. Kh4 Nd7 69. Rb3 Re4+ 70. Kg3 Rc4 71. Rxb7 Nxc5 72. Rc7 Ne4+ 73. Kf4 Nxd6+ 74. Rxc4 Nxc4 75. Rc5 Nd2 76. Kg4 Ne4 77. Rc6+ Kg7 78. h6+ Kf7 79. Kf4 Nf6 1-0

[Event "RSA-ch 45th"]
[Site "Cape Town"]
[Date "2011.11.29"]
[Round "5"]
[White "Cawdery, Daniel"]
[Black "Mosetlhe, Kgaugelo"]
[Result "1-0"]
[WhiteElo "2269"]
[BlackElo "2138"]
[PlyCount "53"]
[EventDate "2011.11.26"]
[EventType "tourn"]
[EventRounds "11"]
[EventCountry "RSA"]
[SourceTitle "CBM 145 Extra"]
[Source "ChessBase"]
[SourceDate "2012.01.03"]
[SourceVersion "1"]
[SourceVersionDate "2012.01.03"]
[SourceQuality "1"]

1. e4 e5 2. Nf3 Nc6 3. Bb5 a6 4. Ba4 Nf6 5. 0-0 Be7 6. d4 exd4 7. e5 Ne4 8. Nxd4 Nc5 9. Nf5 g6 10. Bxc6 dxc6 11. Nxe7 Qxe7 12. Bh6 Ne6 13. Nc3 Qh4 14. Be3 Bd7 15. f4 f5 16. exf6 Qxf6 17. Ne4 Qf5 18. Ng3 Qd5 19. f5 Qxd1 20. Raxd1 gxf5 21. Nxf5 0-0-0 22. Bf2 Rdf8 23. Bh4 Nf4 24. Ne7+ Kb8 25. Rd2 Bg4 26. Rdf2 Ng6 27. Nxg6 1-0

[Event "RSA-ch"]
[Site "Cape Town"]
[Date "2009.12.05"]
[Round "10"]
[White "Ophoff, Jacques"]
[Black "Mosetlhe, Kgaugelo"]
[Result "1-0"]
[WhiteElo "2273"]
[BlackElo "2100"]
[PlyCount "107"]
[EventDate "2009.11.27"]
[EventType "tourn"]
[EventRounds "11"]
[EventCountry "RSA"]
[EventCategory "1"]
[SourceTitle "EXT 2011"]
[Source "ChessBase"]
[SourceDate "2010.11.26"]
[SourceVersion "1"]
[SourceVersionDate "2010.11.26"]
[SourceQuality "1"]

1. d4 d5 2. c4 c6 3. cxd5 cxd5 4. Nc3 Nc6 5. Bf4 Nf6 6. e3 a6 7. Rc1 g6 8. h3 Bg7 9. Bd3 0-0 10. Nf3 b5 11. 0-0 Bb7 12. a4 b4 13. Nb1 Rc8 14. Qe2 Qb6 15. Nbd2 Nd7 16. Nb3 e5 17. dxe5 Ncxe5 18. a5 Nxf3+ 19. Qxf3 Qf6 20. Qg4 Ne5 21. Bxe5 Qxe5 22. Qxb4 Rb8 23. Nd4 Bc8 24. Qc5 Qg5 25. Nc6 Bxh3 26. Qxd5 Qxd5 27. Ne7+ Kh8 28. Nxd5 Bc8 29. Nb6 Bxb2 30. Rc2 Ba3 31. Rb1 Rd8 32. Rc3 Rxd3 33. Rxd3 Bf5 34. Rxa3 Bxb1 35. Rc3 Rd8 36. Rc7 Rd1+ 37. Kh2 Kg7 38. Ra7 Bd3 39. Nd7 Ra1 40. Ne5 Be2 41. Rxf7+ Kg8 42. Ra7 Rxa5 43. f4 Ra2 44. Kg3 Bf1 45. Kf3 h5 46. g3 h4 47. Ke4 Bg2+ 48. Kd4 Rd2+ 49. Kc3 Re2 50. Kd3 Ra2 51. Nxg6 h3 52. f5 h2 53. f6 Rf2 54. Rg7# 1-0

[Event "RSA-ch"]
[Site "Cape Town"]
[Date "2009.12.03"]
[Round "8"]
[White "Gluckman, David"]
[Black "Mosetlhe, Kgaugelo"]
[Result "0-1"]
[WhiteElo "2276"]
[BlackElo "2100"]
[PlyCount "46"]
[EventDate "2009.11.27"]
[EventType "tourn"]
[EventRounds "11"]
[EventCountry "RSA"]
[EventCategory "1"]
[SourceTitle "EXT 2011"]
[Source "ChessBase"]
[SourceDate "2010.11.26"]
[SourceVersion "1"]
[SourceVersionDate "2010.11.26"]
[SourceQuality "1"]

1. e4 c5 2. Nf3 d6 3. Bb5+ Bd7 4. Bxd7+ Qxd7 5. c4 Nc6 6. 0-0 Nf6 7. Nc3 g6 8. d4 cxd4 9. Nxd4 Bg7 10. Re1 0-0 11. Be3 Rfc8 12. Rc1 Nxd4 13. Qxd4 Ng4 14. Qd5 Nxe3 15. fxe3 Rc5 16. Qd3 Bxc3 17. Rxc3 Qe6 18. Rec1 Rac8 19. h3 Re5 20. a3 Rxe4 21. Qd5 Rc7 22. Qa5 b6 23. Qg5 Rc5 0-1

[Event "RSA-ch"]
[Site "Cape Town"]
[Date "2009.12.02"]
[Round "7"]
[White "Mosetlhe, Kgaugelo"]
[Black "Kobese, Watu"]
[Result "0-1"]
[WhiteElo "2100"]
[BlackElo "2385"]
[PlyCount "80"]
[EventDate "2009.11.27"]
[EventType "tourn"]
[EventRounds "11"]
[EventCountry "RSA"]
[EventCategory "1"]
[SourceTitle "EXT 2011"]
[Source "ChessBase"]
[SourceDate "2010.11.26"]
[SourceVersion "1"]
[SourceVersionDate "2010.11.26"]
[SourceQuality "1"]

1. d4 d5 2. c4 e6 3. Nc3 c5 4. cxd5 exd5 5. Nf3 Nc6 6. dxc5 d4 7. Ne4 Bf5 8. Nd6+ Bxd6 9. cxd6 Qxd6 10. a3 Nf6 11. e3 0-0-0 12. exd4 Rhe8+ 13. Be2 Qe7 14. Be3 Ng4 15. Rc1 Nxe3 16. fxe3 Qxe3 17. Rc3 Qe4 18. Kf2 Kb8 19. Bb5 Bd7 20. Re1 Qf4 21. Qc1 Qd6 22. Rxe8 Rxe8 23. Re3 Rxe3 24. Qxe3 f6 25. Qe4 g6 26. Bc4 Ne7 27. Qh4 h5 28. Qg3 Kc7 29. Qxd6+ Kxd6 30. Bf7 Bc6 31. g3 Bd5 32. Be8 Be4 33. Ke3 Bc2 34. Ne1 Bb1 35. Nd3 h4 36. gxh4 Nf5+ 37. Kd2 Nxh4 38. Kc3 g5 39. b4 Nf3 40. h3 Ng1 0-1